BIOGRAFI TOKOH IMAM MAZHAB

Bibliographic Details
Main Author: Shahrizan Daud At Turabi (Author)
Format: Book
Published: Batu Caves : Azmar Prima Enterprise 2014
Series:Siri himpunan ilmuan Islam
Subjects:

MARC

LEADER 00000cam a2200000 7i4500
001 0000303092
005 20241025161600.0
006 a## #### ###
007 t
008 220817 may
020 |a 9789670569468 
040 |a MBPJ   |b eng   |c MBPJ   |e rda 
090 0 0 |a 922.97   |b SHA 
100 1 |a Shahrizan Daud At Turabi ,   |e author 
245 1 0 |a BIOGRAFI TOKOH IMAM MAZHAB   |c SHAHRIZAN DAUD AT TURABI 
264 1 |a Batu Caves :   |b Azmar Prima Enterprise   |c 2014 
264 4 |c ©2014 
300 |a 186 pages ;   |c 21 cm. 
336 |a text  |2 rdacontent 
337 |a unmediated  |2 rdamedia 
338 |a volume  |2 rdacarrier 
490 0 |a Siri himpunan ilmuan Islam 
650 0 |a Muslim scholar   |x Biography 
650 0 |a Ulama   |x Biography 
999 |a 00399353   |b BUKU   |c PINJAMAN   |e PERPUSTAKAAN KOMUNITI PETALING JAYA